| 000 | 01110nam a22002897a 4500 | ||
|---|---|---|---|
| 999 |
_c44427 _d44427 |
||
| 001 | 17933 | ||
| 003 | CO-MdFUSB | ||
| 005 | 20171117100024.0 | ||
| 008 | 171117t1999 sp ||||| |||| 00| 0 spa d | ||
| 020 | _a84-7914-406-8 | ||
| 040 |
_aCO-MdFUSB _bspa _cCO-MdFUSB _dCO-MdFUSBC _erda |
||
| 041 | 0 | _aspa | |
| 082 | 0 | 4 | _aG 225.924 G9847p |
| 100 | 1 |
_aGutiérrez Martín, Darío _eautor |
|
| 245 | 0 |
_aPablo, perfil psicológico de un apóstol _c/ Darío Gutiérrez Martín |
|
| 264 | 4 |
_aMadrid : _bBiblioteca de Autores Cristianos, _c©1999 |
|
| 300 | _aXVI, 221 p. 21 cm | ||
| 336 |
_2rdacontent _atexto _btxt |
||
| 337 |
_2rdamedia _asin mediación _bn |
||
| 338 |
_2rdacarrier _avolumen _bnc |
||
| 501 | _aEn rústico | ||
| 505 | 0 | 0 | _aLa carta de identidad de San Pablo -- La claridad de sus ideas -- La firmeza de sus decisiones -- El impulso de su actividad -- La riqueza afectiva de Pablo -- La integración de la personalidad -- Pablo, hombre universal |
| 653 | _aBiblia N.T. - Apóstol Pablo | ||
| 653 | _aApóstol Pablo - Vida y ministerio | ||
| 653 | _aApóstol Pablo - Personalidad | ||
| 942 | _cBK | ||